Basic Principles and Calculations in Chemical Engineering / (Record no. 565731)

000 -LEADER
fixed length control field 00442nam a2200145Ia 4500
008 - FIXED-LENGTH DATA ELEMENTS--GENERAL INFORMATION
fixed length control field 210430s9999 xx 000 0 und d
020 ## - INTERNATIONAL STANDARD BOOK NUMBER
International Standard Book Number 9788131725528
082 ## - DEWEY DECIMAL CLASSIFICATION NUMBER
Classification number 660 H657B
100 ## - MAIN ENTRY--PERSONAL NAME
Personal name David M.Himmelblau, James B. Riggs
9 (RLIN) 127261
245 ## - TITLE STATEMENT
Title Basic Principles and Calculations in Chemical Engineering /
Statement of responsibility, etc. David M.Himmelblau
250 ## - EDITION STATEMENT
Edition statement 7th edition
260 ## - PUBLICATION, DISTRIBUTION, ETC.
Place of publication, distribution, etc. India
Name of publisher, distributor, etc. Dorling Kindersly
Date of publication, distribution, etc. 2009
300 ## - PHYSICAL DESCRIPTION
Extent 1115p
942 ## - ADDED ENTRY ELEMENTS (KOHA)
Koha item type Book
Source of classification or shelving scheme
Holdings
Withdrawn status Lost status Damaged status Not for loan Permanent Location Current Location Date acquired Total Checkouts Total Renewals Full call number Barcode Date last seen Date last checked out Price effective from Koha item type
        School of Chemical & Materials Engineering (SCME) School of Chemical & Materials Engineering (SCME) 12/16/1 4 9 660 H657B SCME-4665 01/08/2024 09/14/2023 04/30/2021 Book
© 2023 Central Library, National University of Sciences and Technology. All Rights Reserved.